[Event "Berlin Lichtenberger op 17th"]
[Site "Berlin"]
[Date "2018.08.18"]
[Round "1"]
[White "Ho, Ngoc Hai Dang"]
[Black "Elsing, Jan"]
[Result "0-1"]
[WhiteElo "1582"]
[BlackElo "2129"]
[PlyCount "74"]
[EventDate "2018.08.18"]
[EventType "swiss"]
[EventRounds "9"]
[EventCountry "GER"]
[SourceTitle "CBM 186 Extra"]
[Source "ChessBase"]
[SourceDate "2018.08.24"]
[SourceVersion "1"]
[SourceVersionDate "2018.08.24"]
[SourceQuality "1"]

1. e4 Nf6 2. e5 Nd5 3. d4 d6 4. c4 Nb6 5. Nf3 g6 6. Be2 Bg7 7. exd6 cxd6 8. 0-0 0-0 9. Be3 Bg4 10. Na3 Nc6 11. Qd2 Re8 12. h3 Bxf3 13. Bxf3 d5 14. c5 Nc8 15. Nc2 e6 16. b4 a6 17. a4 N8e7 18. Rfb1 Nf5 19. Ra3 h6 20. Be2 Qf6 21. Rd3 Kh7 22. g4 Nxe3 23. fxe3 Qh4 24. Kg2 f5 25. Qe1 Qg5 26. Qg3 e5 27. gxf5 exd4 28. fxg6+ Kxg6 29. Qxg5+ hxg5 30. Bf3 Ne5 31. Rdd1 Nxf3 32. Kxf3 dxe3 33. Rxd5 e2 34. Re1 Re7 35. Rxe2 Rf8+ 36. Kg4 Rf4+ 37. Kg3 Rxe2 0-1

[Event "Berlin Lichtenberger op 16th"]
[Site "Berlin"]
[Date "2017.08.27"]
[Round "9"]
[White "Jess, Arne"]
[Black "Elsing, Jan"]
[Result "0-1"]
[WhiteElo "1862"]
[BlackElo "2140"]
[PlyCount "70"]
[EventDate "2017.08.19"]
[EventType "swiss"]
[EventRounds "9"]
[EventCountry "GER"]
[SourceTitle "CBM 180 Extra"]
[Source "ChessBase"]
[SourceDate "2017.10.06"]
[SourceVersion "1"]
[SourceVersionDate "2017.10.06"]
[SourceQuality "1"]

1. e4 Nf6 2. Nc3 d5 3. e5 d4 4. Nce2 Ng8 5. c3 Nc6 6. cxd4 Nxd4 7. Nxd4 Qxd4 8. Nf3 Qd5 9. Be2 Bf5 10. 0-0 e6 11. d4 Ne7 12. Be3 Qd7 13. Qb3 c6 14. Nd2 Nd5 15. a3 Be7 16. g4 Bg6 17. f4 h5 18. h3 hxg4 19. hxg4 Rh3 20. Bf3 0-0-0 21. Kg2 Bc2 22. Qxd5 cxd5 23. Kxh3 Kb8 24. Be2 Ba4 25. Rfc1 Bb5 26. Bf3 Rc8 27. Nf1 Bd3 28. Ng3 Rxc1 29. Rxc1 Qb5 30. Rc3 Bf1+ 31. Nxf1 Qxf1+ 32. Bg2 Qe1 33. g5 f6 34. exf6 gxf6 35. Bg1 Qxg1 0-1

[Event "Berlin Lichtenberger op 11th"]
[Site "Berlin"]
[Date "2012.08.26"]
[Round "9"]
[White "Baranowsky, Peter"]
[Black "Elsing, Jan"]
[Result "0-1"]
[WhiteElo "1963"]
[BlackElo "2124"]
[PlyCount "146"]
[EventDate "2012.08.18"]
[EventType "swiss"]
[EventRounds "9"]
[EventCountry "GER"]
[SourceTitle "CBM 150 Extra"]
[Source "ChessBase"]
[SourceDate "2012.10.19"]
[SourceVersion "1"]
[SourceVersionDate "2012.10.19"]
[SourceQuality "1"]

1. d4 d5 2. Nf3 Nf6 3. c4 c6 4. Nc3 dxc4 5. g3 Bf5 6. Bg2 e6 7. Ne5 Nbd7 8. Nxc4 Rc8 9. Bf4 Nb6 10. Na5 Qd7 11. e4 Bb4 12. Nb3 Nxe4 13. Bxe4 Bxe4 14. 0-0 Bd5 15. Nc5 Qe7 16. Nd3 Bd6 17. a4 Bxf4 18. Nxf4 0-0 19. Re1 Qf6 20. a5 Nc4 21. Nfxd5 cxd5 22. b3 Nd6 23. Qd3 Rc7 24. a6 b6 25. Rac1 Rfc8 26. Kg2 g6 27. Ne2 Nf5 28. Rxc7 Rxc7 29. Rd1 Nd6 30. Nc3 Qf5 31. h3 Qxd3 32. Rxd3 b5 33. Na2 Rc2 34. Nb4 Rc1 35. Kf3 Ne4 36. Kg2 Kf8 37. f3 Nd6 38. Kf2 Ne8 39. Ke2 Nc7 40. Rd1 Rxd1 41. Kxd1 Ke7 42. Nc6+ Kd6 43. Nxa7 b4 44. Nc8+ Kd7 45. Nb6+ Kc6 46. Nc8 Nxa6 47. Ne7+ Kd6 48. Ng8 Nc7 49. Kd2 h5 50. g4 Ne8 51. f4 f6 52. Kd3 hxg4 53. hxg4 g5 54. fxg5 fxg5 55. Ke3 e5 56. dxe5+ Kxe5 57. Ne7 Nf6 58. Nc6+ Kd6 59. Nxb4 Nxg4+ 60. Kd4 Nf6 61. Nd3 Nd7 62. b4 Nf8 63. Nc5 Ne6+ 64. Nxe6 Kxe6 65. b5 Kd6 66. b6 g4 67. Ke3 Kc6 68. b7 Kxb7 69. Kf4 Kc6 70. Kxg4 Kc5 71. Kf3 Kd4 72. Ke2 Kc3 73. Kd1 Kd3 0-1

[Event "Berlin Lichtenberger op 11th"]
[Site "Berlin"]
[Date "2012.08.24"]
[Round "7"]
[White "Rietze, Clemens"]
[Black "Elsing, Jan"]
[Result "1-0"]
[WhiteElo "2280"]
[BlackElo "2124"]
[PlyCount "97"]
[EventDate "2012.08.18"]
[EventType "swiss"]
[EventRounds "9"]
[EventCountry "GER"]
[SourceTitle "CBM 150 Extra"]
[Source "ChessBase"]
[SourceDate "2012.10.19"]
[SourceVersion "1"]
[SourceVersionDate "2012.10.19"]
[SourceQuality "1"]

1. e4 Nf6 2. e5 Nd5 3. d4 d6 4. Nf3 dxe5 5. Nxe5 c6 6. Be2 Nd7 7. Nf3 N7f6 8. 0-0 Bg4 9. c4 Nb6 10. b3 e6 11. h3 Bh5 12. Bb2 Be7 13. Nbd2 Nbd7 14. Ne5 Bxe2 15. Qxe2 0-0 16. f4 c5 17. Ndf3 cxd4 18. Nxd7 Nxd7 19. Bxd4 Bc5 20. Rfd1 Qc7 21. Qe3 Rfd8 22. Rab1 b6 23. b4 Bxd4 24. Rxd4 Nf6 25. Rbd1 Rxd4 26. Rxd4 h5 27. Ne5 Rc8 28. a3 Rd8 29. Qd3 Rxd4 30. Qxd4 a6 31. g4 hxg4 32. hxg4 Kf8 33. g5 Nh5 34. c5 bxc5 35. bxc5 f6 36. gxf6 gxf6 37. Nd3 Qg7+ 38. Kf1 Qg3 39. Ke2 Qg2+ 40. Kd1 Kf7 41. Qd7+ Kg6 42. f5+ Kg5 43. fxe6 Qf3+ 44. Kc2 Nf4 45. Nxf4 Kxf4 46. Qd3 Qb7 47. Qd6+ Kf5 48. e7 Qg2+ 49. Kc3 1-0

[Event "Berlin Lichtenberger op 11th"]
[Site "Berlin"]
[Date "2012.08.19"]
[Round "2"]
[White "Elsing, Jan"]
[Black "Geissler, Felix"]
[Result "1-0"]
[WhiteElo "2124"]
[BlackElo "1766"]
[PlyCount "77"]
[EventDate "2012.08.18"]
[EventType "swiss"]
[EventRounds "9"]
[EventCountry "GER"]
[SourceTitle "CBM 150 Extra"]
[Source "ChessBase"]
[SourceDate "2012.10.19"]
[SourceVersion "1"]
[SourceVersionDate "2012.10.19"]
[SourceQuality "1"]

1. e4 c5 2. Nc3 d6 3. g3 g6 4. Bg2 Bg7 5. d3 Nc6 6. Be3 Nf6 7. h3 Qc7 8. Nge2 a6 9. d4 cxd4 10. Nxd4 Bd7 11. 0-0 Ne5 12. Nd5 Nxd5 13. exd5 Nc4 14. Qc1 0-0 15. c3 Rac8 16. Re1 b5 17. Rb1 Qa5 18. a3 Rb8 19. Bh6 Rfe8 20. Re4 f5 21. Rh4 Bf6 22. Bg5 Ne5 23. Nc6 Nxc6 24. dxc6 Be6 25. Bxf6 exf6 26. Rd4 Qc7 27. Qd2 Rbd8 28. Re1 Re7 29. Re3 Kg7 30. Qd1 g5 31. Red3 Bc4 32. Rd2 Re6 33. b3 Bxb3 34. Qxb3 Re1+ 35. Kh2 f4 36. Qd5 fxg3+ 37. fxg3 Qe7 38. Re4 Qa7 39. Rxe1 1-0

[Event "Berlin Lichtenberger op 10th"]
[Site "Berlin"]
[Date "2011.08.14"]
[Round "3"]
[White "Bruchmann, Stephan"]
[Black "Elsing, Jan"]
[Result "1-0"]
[WhiteElo "2304"]
[BlackElo "2124"]
[PlyCount "69"]
[EventDate "2011.08.13"]
[EventType "swiss"]
[EventRounds "9"]
[EventCountry "GER"]
[SourceTitle "CBM 143 Extra"]
[Source "ChessBase"]
[SourceDate "2011.08.29"]
[SourceVersion "1"]
[SourceVersionDate "2011.08.29"]
[SourceQuality "1"]

1. e4 Nf6 2. Nc3 d5 3. e5 Ne4 4. Nce2 Nc5 5. d4 Ne6 6. Nf3 c5 7. c3 Nc6 8. Be3 c4 9. b3 Na5 10. Nd2 b5 11. g3 g6 12. Bg2 Bb7 13. 0-0 h5 14. Rb1 Bc6 15. Bh3 Bd7 16. bxc4 bxc4 17. Qc2 Ng7 18. Bg2 e6 19. Nf3 Be7 20. h4 Nf5 21. Bg5 0-0 22. Bh3 Bxg5 23. Nxg5 Nc6 24. Bxf5 exf5 25. Nf4 Be8 26. Qe2 Ne7 27. Nxh5 Kh8 28. Nf6 Bc6 29. Nfh7 Kg7 30. Nxf8 Qxf8 31. f4 Re8 32. h5 Qh8 33. hxg6 Kxg6 34. Kg2 Qh5 35. Qf2 1-0

[Event "Berlin Lichtenberger op 8th"]
[Site "Berlin"]
[Date "2009.08.21"]
[Round "7"]
[White "Elsing, Jan"]
[Black "Schneider, Hans Joachim"]
[Result "0-1"]
[WhiteElo "2151"]
[BlackElo "2045"]
[PlyCount "94"]
[EventDate "2009.08.15"]
[EventType "swiss"]
[EventRounds "9"]
[EventCountry "GER"]
[SourceTitle "CBM 131 Extra"]
[Source "ChessBase"]
[SourceDate "2009.09.03"]
[SourceVersion "2"]
[SourceVersionDate "2009.09.16"]
[SourceQuality "1"]

1. d4 Nf6 2. Nf3 d5 3. c4 c6 4. Nc3 e6 5. cxd5 exd5 6. Bg5 Nbd7 7. e3 Be7 8. Qc2 h6 9. Bh4 0-0 10. Bd3 Re8 11. Nd2 Nf8 12. Bxf6 Bxf6 13. 0-0 Bg4 14. b4 Qd6 15. Rab1 Nd7 16. a4 b6 17. Rfc1 a6 18. h3 Be6 19. Ne2 Rec8 20. Nb3 Qf8 21. Nf4 Be7 22. Qe2 Bxb4 23. Bxa6 Rc7 24. Ra1 Bd6 25. Nxe6 fxe6 26. Bd3 c5 27. Bb5 c4 28. Nd2 Nb8 29. Nb1 Na6 30. e4 Qf4 31. Qc2 Qh2+ 32. Kf1 Nb4 33. Qd1 Qh1+ 34. Ke2 Qxg2 35. Qh1 Qg5 36. Nc3 Nd3 37. Rg1 Nf4+ 38. Kd2 Ng2+ 39. Kc2 Ne3+ 40. Kd2 Nf1+ 41. Ke2 Qd2+ 42. Kxf1 Qxc3 43. Kg2 Qxd4 44. Rge1 Rf8 45. Ra2 Rcf7 46. Ree2 Bc5 47. Qe1 Qd3 0-1

[Event "Berlin tt 0001"]
[Site "Berlin"]
[Date "2001.04.08"]
[Round "8.2"]
[White "Haemmerlein, Thomas"]
[Black "Elsing, Jan"]
[Result "0-1"]
[WhiteElo "2162"]
[BlackElo "2122"]
[PlyCount "83"]
[EventDate "2000.10.22"]
[EventType "team"]
[EventRounds "11"]
[EventCountry "GER"]
[SourceTitle "EXT 2007"]
[Source "ChessBase"]
[SourceDate "2006.11.23"]
[SourceVersion "1"]
[SourceVersionDate "2006.11.23"]
[SourceQuality "1"]

1. d4 d5 2. Nf3 Nf6 3. c4 c6 4. Nc3 dxc4 5. a4 Bf5 6. e3 e6 7. Bxc4 Bb4 8. 0-0 Nbd7 9. Qe2 Bg6 10. Rd1 0-0 11. Ne1 Qa5 12. f3 e5 13. Kh1 exd4 14. Rxd4 Ne5 15. Nd3 c5 16. Rh4 Nxd3 17. Bxd3 Bxd3 18. Qxd3 Rfd8 19. Qf1 Bxc3 20. bxc3 Qxc3 21. Rb1 Qd3 22. Bb2 Qxf1+ 23. Rxf1 Nd5 24. Re4 Re8 25. Rxe8+ Rxe8 26. e4 Nb6 27. Ra1 Rd8 28. h4 Nc4 29. Bc3 b6 30. Kh2 f6 31. Be1 Kf7 32. Kg3 Ke6 33. Rc1 Ne5 34. h5 Nd3 35. Ra1 c4 36. Bc3 b5 37. f4 Rb8 38. Kf3 b4 39. Rb1 bxc3 40. f5+ Ke5 41. Rxb8 c2 42. Re8+ 0-1

[Event "Berlin tt 0001"]
[Site "Berlin"]
[Date "2001.03.18"]
[Round "7.1"]
[White "Schulz, Michael"]
[Black "Elsing, Jan"]
[Result "1-0"]
[WhiteElo "2271"]
[BlackElo "2122"]
[PlyCount "63"]
[EventDate "2000.10.22"]
[EventType "team"]
[EventRounds "11"]
[EventCountry "GER"]
[SourceTitle "EXT 2007"]
[Source "ChessBase"]
[SourceDate "2006.11.23"]
[SourceVersion "1"]
[SourceVersionDate "2006.11.23"]
[SourceQuality "1"]

1. e4 Nf6 2. d3 e5 3. f4 d6 4. Nc3 Nc6 5. Nf3 Bg4 6. Be2 Be7 7. 0-0 Qd7 8. Nd5 Bxf3 9. Bxf3 Nd4 10. Nxf6+ Bxf6 11. Bg4 Qe7 12. c3 Ne6 13. g3 0-0 14. a4 c5 15. Qb3 Nd8 16. Be3 Nc6 17. Rf3 b6 18. Raf1 Na5 19. Qd5 Qb7 20. Qa2 c4 21. Bf5 Rae8 22. fxe5 Bxe5 23. d4 Bf6 24. Qb1 Bd8 25. e5 dxe5 26. Bxh7+ Kh8 27. Bg6 Bf6 28. Be4 Qe7 29. Rf5 exd4 30. Rh5+ Kg8 31. Bh7+ Kh8 32. Bg8+ 1-0

[Event "Berlin tt 0001"]
[Site "Berlin"]
[Date "2001.02.25"]
[Round "6.2"]
[White "Boewer, Roland"]
[Black "Elsing, Jan"]
[Result "0-1"]
[WhiteElo "2175"]
[BlackElo "2122"]
[PlyCount "122"]
[EventDate "2000.10.22"]
[EventType "team"]
[EventRounds "11"]
[EventCountry "GER"]
[SourceTitle "EXT 2007"]
[Source "ChessBase"]
[SourceDate "2006.11.23"]
[SourceVersion "1"]
[SourceVersionDate "2006.11.23"]
[SourceQuality "1"]

1. e4 Nf6 2. e5 Nd5 3. d4 d6 4. Nf3 g6 5. c4 Nb6 6. exd6 cxd6 7. h3 Bg7 8. Nc3 0-0 9. Be2 Bf5 10. 0-0 Nc6 11. Bf4 e5 12. Bg5 f6 13. Be3 exd4 14. Nxd4 Nxd4 15. Bxd4 Be6 16. b3 d5 17. Bxb6 axb6 18. cxd5 Bf7 19. Qd2 f5 20. Bf3 Qf6 21. Rac1 Ra5 22. a4 Rc5 23. Nb5 Rd8 24. Rxc5 bxc5 25. Rd1 Bf8 26. Qc3 Qxc3 27. Nxc3 Kg7 28. Be2 Kf6 29. Bc4 Bd6 30. g3 g5 31. g4 Be5 32. Ne2 Bg6 33. gxf5 Bxf5 34. Kg2 h5 35. Re1 Be4+ 36. f3 Bxd5 37. Rc1 b6 38. Kf2 Bxc4 39. bxc4 Rd2 40. Rb1 Bc7 41. Ke3 Ra2 42. Nc3 Ra3 43. Kd2 Kf5 44. Nd5 Bd8 45. Nc3 Bf6 46. Nd5 Rxa4 47. Rxb6 Bd4 48. Kd3 Ra3+ 49. Kd2 Ra2+ 50. Ke1 Rc2 51. Rh6 h4 52. f4 gxf4 53. Rxh4 Bf2+ 54. Kd1 Rxc4 55. Rh8 Ke4 56. Nf6+ Kf3 57. Ng4 Bd4 58. Rg8 Ra4 59. h4 Ra2 60. Rg5 Ke4 61. Ke1 f3 0-1